Introduction to integration
Saved in:
| Main Author: | |
|---|---|
| Format: | Book |
| Language: | English |
| Published: |
Oxford :
Clarendon Press,
1997
|
| Subjects: | |
| Tags: |
Add Tag
No Tags, Be the first to tag this record!
|
MARC
| LEADER | 00000nam a2200000 i 4500 | ||
|---|---|---|---|
| 001 | 1/75047 | ||
| 008 | 990507s1997 eng d | ||
| 020 | |a 0-19-850123-4 | ||
| 035 | |l 10049239 | ||
| 040 | |a GR-MY-UA |b gre |e aacr | ||
| 041 | 0 | |a eng | |
| 082 | 0 | |a 515.43 | |
| 100 | 1 | |a Priestley, H. A. |q (Hilary A.) | |
| 245 | 1 | 0 | |a Introduction to integration / |c H.A. Priestley |
| 260 | |a Oxford : |b Clarendon Press, |c 1997 | ||
| 300 | |a x, 306 p.; |b ill.; |c 24 cm. | ||
| 500 | |a Includes bibliographical references and index | ||
| 650 | 0 | 0 | |a Integrals. |
| 852 | |a INST |b SAMOS |e 19990507 |h 515.43 PRI |p 005300012771 |q 005300012771 |t BK |y 0 | ||
| 901 | |a BIBL3-1999-2 | ||
| 909 | |a Σ |b 063648 | ||
| 922 | |a 3ΕΛΗ |b 199901 |c ΚΠΣ |d GLORY | ||